Statistiken für Harry Potter (7) und die Heiligtümer des Todes Quiz

Klicken Sie hier um das Quiz zu spielen!

Allgemein

  • Dieses Quiz wurde 150 mal gespielt
  • Das Durchschnittsergebnis liegt bei 10 aus 15

Antwortstatistiken

FrageAntwort% Korrekt
Wie heißt der Sohn von Draco Malfoy?Scorpius Malfoy
86%
Welches dieser Objekte ist kein Horkrux?Schwert von Gryffindor
84%
Wer tötet Bellatrix Lestrange?Molly Weasley
83%
Wer tötet Nagini?Neville Longbottom
81%
Wer ist vor Harry der rechtmäßige Besitzer des Elderstabs?Draco Malfoy
80%
Was befindet sich in dem goldenen Schnatz, welchen Harry erbt?Stein der Auferstehung
80%
Welche Form nimmt der Patronus von Snape an?Hirschkuh
79%
In welchem Wald findet Harry das Schwert von Gryffindor?Forest of Dean
63%
Wer stirbt nicht während der Schlacht von Hogwarts?Lee Jordan
62%
Wer tötet Lupin?Antonin Dolohow
60%
Wie heißt die Lehrerin für Muggelkunde, welche im Herrenhaus der Malfoys ermordet wird?Charity Burbage
59%
Welche Form nimmt der Patronus von Kingsley Shacklebolt an?Luchs
57%
Wie heißt der Sohn von Lupin und Tonks?Teddy Lupin
56%
Wie heißt die Tochter von Fleur und Bill?Victoire Weasley
52%
Wie viele Horkrux wollte Tom Riddle erschaffen?6
31%

Verteilung der Resultate

Perzentil nach korrekt beantworteten Fragen

Anzahl Personen mit jedem Resultat

Ihre Resultats-Entwicklung

Sie haben dieses Quiz noch nicht gespielt